000 01115nam a22001697a 4500
005 20241011133309.0
008 241011b ||||| |||| 00| 0 eng d
040 _cSSBUL
082 _223
_a၂၉၄.၃၄၃၄၀၉ သိန်း
_bS-SAT
100 0 _aသိန်းလွင်၊ ဦး။
_911538
245 1 _aကျိုက်ထီးဆောင်းဆံတော်ရှင်မှ အခြေစကာ ဖွင့်ဖော်ပြုပြင်ထိန်းသိမ်းစောင့်ရှောက်လာသဖြင့် ပွင့်လင်းလျက်ရှိသော ဆံတော်အရှင်စေတီတော်များ /
_cဦးသိန်းလွင်။
264 _aရန်ကုန် ၊
_bတမာမြိုင်စာပေ၊
_c၁၉၉၄။
300 _a၁၀၈ စာမျက်နှာ ၊
_bဓာတ်ပုံများ ၊
_c၂၄ စင်တီ။
500 _aS-SAT: Dr. Sai Aung Tun
650 _aဆံတော်ရှင်စေတီများ
_vသမိုင်း
_955042
942 _2ddc
_cBK1
999 _c40975
_d40975